00000000nam##2200000za#4500
0019.570748
003CaOODSP
00520210624182406
007cr |||||||||||
008150406|2007||||xxc|||||o    f|0| 0 eng|d
022 |a1919-5087
040 |aCaOODSP|beng
043 |an-cn---
0861 |aFs70-6/2007-025E-PDF
1101 |aCanada. |bDepartment of Fisheries and Oceans. |bNewfoundland and Labrador Region.
24510|a2006 state of the ocean : |h[electronic resource]|bphysical oceanographic conditions in the Newfoundland and Labrador Region
2461 |aNewfoundland and Labrador Region - physical oceanographic conditions
260 |aSt. John's - Newfoundland and Labrador : |bFisheries and Oceans Canada. |cSeptember 2007.
300 |a11p.|bcoloured maps, figs. (some coloured), graphs, references
4901 |aCanadian Science Advisory Secretariat science advisory report|x1919-5087|v2007/025, Newfoundland and Labrador Region
590 |a11-20-Supp|b2011-09-29
77508|tÉtat de l'océan en 2006 : |w(CaOODSP)9.601395
830#0|aScience advisory report (Canadian Science Advisory Secretariat)|x1919-5087|v2007/025, Newfoundland and Labrador Region|w(CaOODSP)9.506226
85640|ahttp://publications.gc.ca|qPDF|s1.02 MB|uhttps://publications.gc.ca/collections/collection_2011/mpo-dfo/Fs70-6-2007-025-eng.pdf|y2007/025, Newfoundland and Labrador Region